1107 1223 1113 1544 1364 1604 1993 1913 1358 1656 1337 1469 1834 1068 1111 1398 1019 1083 1068 1927 1870 1981 1992 1237 1382 1115 1298 1478 1436 1648 1054 1766 1668 1206 1477 1167 1665 1209 1040 1006 1339 1141 1706 1771 1166 1689 1464 1294 1304 1868 1633 1127 1183 1954 1783 1647 1082 1761 1408 1931 1950 1795 1074 1546 1589 1158 1449 1520 1623 1857 1434 1528 1291 1305 1820 1274 1857 1184 1158 1310 1144 1969 1755 1225 1962 1782 1585 1913 1598 1576 1454 1187 1921 1242 1101 1825 1020 1839 1282 BCNSPRNW ULIB Ver.6.0+V

เปลี่ยนเป็นภาษาไทย

Change to English
 แสดงรายละเอียดบรรณานุกรม
  กลับหน้าหลัก

Brief Record : Get Marc (ISO 2709) : E-mail record : QR code < ปิดหน้าต่าง
LEADER : 00000nam 2200000uu 4500
001    13399124783
003     ULIB
008    160323s2015||||th 000 0 eng d
020    ^a9781451190823
020    ^a1451190824
060  4 ^aWQ210^bB854d
100 1  ^aBriggs, Gerald G.
245 10 ^aDrugs in pregnancy and lactation :^ba reference guide to fetal and neonatal risk /^cGerald G. Briggs, Roger K. Freeman
250    ^a10th ed.
260    ^aPhiladelphia :^bWolters Kluwer Health/Lippincott Williams & Wilkins,^cc2015
300    ^axxii, 1703 p. ;^c28 cm.
504    ^aIncludes bibliographical references
650  2 ^aDrug Therapy^xadverse effects^vHandbooks.
650  2 ^aFetus^xdrug effects.
650  2 ^aLactation^xdrug effects^vHandbooks.
650  2 ^aPregnancy^xdrug effects^vHandbooks.
650  2 ^aObstetrics^xpharmacology.
700 1  ^aFreeman, Roger K.
945    ^p5460^l0^i000332
999    ^aเกษร โพธิ์สุวรรณ
รายการนี้ยังไม่มีแท็ก
คุณยังไม่ได้ล็อกอิน คุณสามารถมีกิจกรรมร่วมกับเว็บไซต์ได้ แต่ต้องล็อกอินก่อน ::
  ล็อกอิน

รายการสื่อสารสนเทศ

ลำดับที่ ประเภท เลขเรียก/บาร์โค้ด สถานที่ สถานะ
1. Book การพยาบาล
Book การพยาบาล
WQ210 B854d ฉ.1 
  Barcode: 000332
ห้องสมุดวิทยาเขตสวรรค์ประชารักษ์
►หนังสือทั่วไป
บนชั้น

รายการใกล้เคียง
    ผู้แต่ง [Briggs, Gerald G.]

BibComment


ยังไม่เคยถูกคอมเมนท์

คอมเมนท์ทรัพยากรรายการนี้
  คอมเมนท์: Drugs in pregnan..


 Copyright 2026. Bcnsprnw @Library